Biokatalytická produkcia prírodných látok v hybridných systémoch diplomová práca

Salvato in:
Dettagli Bibliografici
Autore principale: Mitterová, Denisa
Natura: Libro
Lingua:slovacco
Pubblicazione: Bratislava STU FCHPT 2016
Accesso online:Visualizza in OPAC
Tags: Aggiungi Tag
Nessun Tag, puoi essere il primo ad aggiungerne!!

MARC

LEADER 00000nam a2200000 a 4500
005 20260127133955.0
008 170808 2017 xo 001 0 slo d
035 |a vtls011706073 
039 9 |y 201708081055  |z mschk03 
040 |a STUSCHK1  |b slo  |c STUSCHK1  |e AACR2 
100 1 |a Mitterová, Denisa 
245 1 |a Biokatalytická produkcia prírodných látok v hybridných systémoch  |b diplomová práca 
260 |a Bratislava  |b STU FCHPT  |c 2016 
300 |a 70 s.  |b il.  |c 25 cm 
500 |a Študijný program: chemické inžinierstvo 
500 |a Študijný odbor: chemické inžinierstvo 
500 |a Školiace pracovisko: Ústav chemického a biochemického inžinierstva 
500 |a Evid. číslo: FCHPT-5433-61060 
910 |a SCHK95 
999 |c 1264  |d 1264